| 000 | 01786cam a22004214i 4500 | ||
|---|---|---|---|
| 003 | PE-LiUPU | ||
| 005 | 20250731183406.0 | ||
| 008 | 171121s2010 ck a r 000 0 spa d | ||
| 020 | _a9789584472748 | ||
| 035 | _a(Sirsi) a240160 | ||
| 040 |
_aPE-LiUPU _bspa _cPE-LiUPU _erda |
||
| 041 | 1 |
_aspa _aeng |
|
| 049 | _aPRUA | ||
| 082 | 0 | 4 |
_a720.9861 _bA6 _220 |
| 245 | 0 | 0 |
_aArchipiélago de arquitectura = _bArchipelago architecture / _cConcepción editorial, Miguel Mesa, Verónica Restrepo, Verónica Betancur. |
| 264 | 1 |
_aBogotá : _bMesa, _c2010. |
|
| 300 |
_a304 páginas : _bilustraciones ; _c23 centímetros |
||
| 336 |
_atext _2rdacontent |
||
| 337 |
_aunmediated _2rdamedia |
||
| 338 |
_avolume _2rdacarrier |
||
| 505 | 0 | _aNuevas constituciones: sobre cierta arquitectura Latinoamericana -- Paisajes amplificados -- El debate proyectual -- Oficina informal -- Camilo Restrepo -- Manuel Villa -- Mesa Editores -- Paisajes emergentes -- Plan:B Arquitectos -- Comentarios entre oficinas -- Trayectorias. | |
| 526 | _aP158 | ||
| 526 | _aP146 | ||
| 526 | _aP17 | ||
| 526 | _aP12 | ||
| 526 | _aP06 | ||
| 526 | 8 |
_iPrograma académico : _5PE-LiUPU |
|
| 541 | _g003-001760; | ||
| 650 | 0 | 4 |
_aArquitectura _zColombia _xHistoria del siglo XXI. |
| 700 | 1 |
_aMesa, Miguel, _eeditor. |
|
| 700 | 1 |
_aRestrepo, Verónica, _eeditor. |
|
| 700 | 1 |
_aBetancur, Verónica, _eeditor. |
|
| 910 |
_adbm _bncf _cncf _d20171121 |
||
| 942 |
_2ddc _cBOOK |
||
| 994 |
_aC0 _bPEPRU |
||
| 596 | _a1 | ||
| 999 |
_a720.9861 A6 _wDEWEY _c25821 _i77182 _d25821 _f2021-11-9 _g4 _lCCODEBUL1 _mBUL _p41.08 _q2 _r0 _sY _tBOOK _u2017-11-21 _xINGENIERIA _PP06 _0COMPRA _o.STAFF. Colección Ingeniería y Arquitectura |
||
| 980 |
_81 _gALBERTO SANCHEZ Responsable de Automatización |
||